| 000 | 00455nam a22001577a 4500 | ||
|---|---|---|---|
| 020 | _a9788131717967 | ||
| 040 | _cNUST | ||
| 082 | _a530 YOU | ||
| 100 |
_a Young, Hugh D _93959 |
||
| 110 |
_aFreedman, Roger A Ford, A. Lewis _9112387 |
||
| 245 |
_aSears and Zemansky's University Physics : _bWith Modern Physics |
||
| 250 | _a12th Edition | ||
| 260 |
_aNew Delhi: _bPearson Education, _c2008. |
||
| 650 |
_aUniversity Physics _964550 |
||
| 942 |
_2ddc _cBK |
||
| 999 |
_c594766 _d594766 |
||